000 00424nam a2200157Ia 4500
008 210716s1995 xx 000 0 und d
020 _a0395710456
041 _aeng
082 _a658.848 JEAJ
100 _aJeannet, Jean-Pierre;Hennessey, H David.
245 _aGlobal marketing strategies.
250 _a3
260 _aU S A
_bHoughton mifflin Company
_c1995
300 _axix,896
650 _aInternational Marketing
999 _c206111
_d206111